Library Banner

Dare to win (Record no. 12432)

MARC details
000 -LEADER
fixed length control field 00436nam a2200181Ia 4500
001 - CONTROL NUMBER
control field 11557
008 - FIXED-LENGTH DATA ELEMENTS--GENERAL INFORMATION
fixed length control field 140331s9999 xx 000 0 und d
020 ## - INTERNATIONAL STANDARD BOOK NUMBER
International Standard Book Number 0-425-15076-3
040 ## - CATALOGING SOURCE
Transcribing agency PK-LaUMT
082 ## - DEWEY DECIMAL CLASSIFICATION NUMBER
Classification number 220.13
Item number CAN-D
100 ## - MAIN ENTRY--PERSONAL NAME
Personal name Canfield, Jack
245 ## - TITLE STATEMENT
Title Dare to win
Statement of responsibility, etc Canfield, Jack<>Hasen, Mark Victor, J.A.
260 ## - PUBLICATION, DISTRIBUTION, ETC. (IMPRINT)
Date of publication, distribution, etc 1996
300 ## - PHYSICAL DESCRIPTION
Extent 205 p.
546 ## - LANGUAGE NOTE
Language note EN
700 ## - ADDED ENTRY--PERSONAL NAME
Personal name Hasen, Mark Victor, J.A.
942 ## - ADDED ENTRY ELEMENTS (KOHA)
Koha item type Books
Holdings
Withdrawn status Lost status Damaged status Not for loan Home library Current library Date acquired Total Checkouts Full call number Barcode Date last seen Price effective from Koha item type
        UMT Main Campus UMT Main Campus 2014-03-31   220.13 CAN-D 9245 2015-06-30 2014-04-21 Books